Municipios andaluces más poblados que empiezan por B - Estadísticas

Estadísticas generales
  • Esta prueba ha sido intentada 37 veces
  • La puntuación promedio es 5 de 12
Estadísticas de respuestas
Población Municipio Provincia % Correcto
77 654 Benalmádena Málaga
77%
15 723 Baeza Jaén
74%
20 579 Baza Granada
63%
18 533 Baena Córdoba
54%
22 811 Barbate Cádiz
37%
17 211 Bailén Jaén
34%
14 263 Bollullos del Condado Huelva
34%
22 780 Bormujos Sevilla
31%
12 804 Brenes Sevilla
29%
11 160 Bollullos de la Mitación Sevilla
26%
9 244 Benahavís Málaga
23%
12 917 Berja Almería
17%
No se encontraron pruebas coincidentes
Distribución de puntuación
Porcentaje de gente con cada puntuación
Porcentaje por número respondido
Historial de tus puntuaciones
No has intentado esta prueba.